Länder mit den meisten Millionenstädten - Statistiken

Allgemein
  • Dieses Quiz wurde 112 mal gespielt
    36 seit der letzten Aktualisierung
  • Das Durchschnittsergebnis liegt bei 22 aus 26
Antwortstatistiken
Anzahl Antwort % Korrekt
137 China
100%
4 Deutschland
100%
46 Indien
100%
10 Mexiko
100%
16 Russland
100%
10 Vereinigte Staaten
100%
4 Ägypten
97%
15 Brasilien
94%
12 Japan
94%
6 Kanada
94%
10 Türkei
94%
11 Nigeria
90%
14 Indonesien
87%
10 Pakistan
84%
5 Australien
81%
8 Demokratische Republik Kongo
81%
8 Iran
81%
4 Marokko
81%
6 Südafrika
81%
11 Südkorea
81%
5 Vietnam
77%
4 Philippinen
74%
5 Saudi-Arabien
74%
5 Kolumbien
71%
4 Venezuela
45%
6 Taiwan
39%
Keine übereinstimmenden Quizze gefunden
Verteilung der Resultate
Anzahl Personen mit jedem Resultat
Perzentil nach korrekt beantworteten Fragen
Ihre Resultats-Entwicklung
Sie haben dieses Quiz seit der letzten Aktualisierung nicht gespielt